The financial crisis and the free market cure : (Record no. 20614)
[ view plain ]
| 000 -LEADER | |
|---|---|
| fixed length control field | 02808cam a22003135a 4500 |
| 001 - CONTROL NUMBER | |
| control field | 17690864 |
| 005 - DATE AND TIME OF LATEST TRANSACTION | |
| control field | 20201128021520.0 |
| 008 - FIXED-LENGTH DATA ELEMENTS--GENERAL INFORMATION | |
| fixed length control field | 130409t2013 nyua frb 001 0 eng d |
| 020 ## - INTERNATIONAL STANDARD BOOK NUMBER | |
| International Standard Book Number | 9780071806770 |
| 020 ## - INTERNATIONAL STANDARD BOOK NUMBER | |
| International Standard Book Number | 0071806776 |
| 040 ## - CATALOGING SOURCE | |
| Original cataloging agency | BTCTA |
| Language of cataloging | eng |
| Transcribing agency | BTCTA |
| Modifying agency | BDX |
| -- | LPU |
| -- | CO2 |
| -- | YDXCP |
| -- | BWX |
| -- | BKX |
| -- | CDX |
| -- | IAD |
| -- | XII |
| -- | DLC |
| -- | EG-ScBUE |
| 043 ## - GEOGRAPHIC AREA CODE | |
| Geographic area code | n-us--- |
| 082 04 - DEWEY DECIMAL CLASSIFICATION NUMBER | |
| Classification number | 330.1220973 |
| Edition number | 22 |
| Item number | ALL |
| 100 1# - MAIN ENTRY--PERSONAL NAME | |
| Personal name | Allison, John A. |
| 9 (RLIN) | 38680 |
| 245 14 - TITLE STATEMENT | |
| Title | The financial crisis and the free market cure : |
| Remainder of title | why pure capitalism is the world economy's only hope / |
| Statement of responsibility, etc | John A. Allison. |
| 246 34 - VARYING FORM OF TITLE | |
| Title proper/short title | The financial crisis and the free market cure : |
| Remainder of title | why pure capitalism is the world economy's only hope : how destructive banking reform is killing the economy |
| 260 ## - PUBLICATION, DISTRIBUTION, ETC. (IMPRINT) | |
| Place of publication, distribution, etc | New York : |
| Name of publisher, distributor, etc | McGraw-Hill, |
| Date of publication, distribution, etc | c.2013. |
| 300 ## - PHYSICAL DESCRIPTION | |
| Extent | viii, 278 p. ; |
| Dimensions | 24 cm. |
| 500 ## - GENERAL NOTE | |
| General note | Index : p. 267-275. |
| 504 ## - BIBLIOGRAPHY, ETC. NOTE | |
| Bibliography, etc | Bibliography : p. 255-266. |
| 505 0# - FORMATTED CONTENTS NOTE | |
| Formatted contents note | Fundamental themes -- What happened? -- Government monetary policy: the Fed as the primary cause -- FDIC insurance: the background cause -- Government housing policy: the proximate cause -- The essential role of banks in a complex economy: the liquidity challenge -- The residential real-estate-market bubble and financial-market stress -- Failure of the rating agencies: the subprime mortgage market and its impact on capital markets -- Pick-a-payment mortgages: a toxic product of FDIC insurance -- How Freddie and Fannie grew to dominate the home mortgage lending business -- Fair-value accounting and wealth destruction -- Derivatives and shadow banking: a misunderstanding -- The myth that "deregulation" caused the financial crisis -- How the SEC made matters worse -- Market corrections are necessary, but panics are destructive and avoidable -- TARP (Troubled Asset Relief Program) -- What we could have--and should have--done -- The cure for the banking industry: systematically move toward pure capitalism -- Some political cures: government policy -- Our short-term path and how to end unemployment -- The deepest cause is philosophical -- The cure is also philosophical -- How the United States could go broke -- The need for principled action. |
| 520 ## - SUMMARY, ETC. | |
| Summary, etc | The Financial Crisis and the Free Market Cure argues against current financial regulations and proposes a cure to the economy's ills. John A. Allison presents the groundbreaking theory that capitalism is the only economic-political system that allows freedom of thought and rewards those who offer the most productive ideas, products, and services. |
| 650 #0 - SUBJECT ADDED ENTRY--TOPICAL TERM | |
| Topical term or geographic name as entry element | Capitalism. |
| Source of heading or term | BUEsh |
| 650 #7 - SUBJECT ADDED ENTRY--TOPICAL TERM | |
| Topical term or geographic name as entry element | Financial crises |
| Geographic subdivision | United States. |
| Source of heading or term | BUEsh |
| 9 (RLIN) | 1773 |
| 650 #0 - SUBJECT ADDED ENTRY--TOPICAL TERM | |
| Topical term or geographic name as entry element | Financial services industry |
| General subdivision | Law and legislation |
| Geographic subdivision | United States. |
| Source of heading or term | BUEsh |
| 651 ## - SUBJECT ADDED ENTRY--GEOGRAPHIC NAME | |
| Source of heading or term | BUEsh |
| 653 ## - INDEX TERM--UNCONTROLLED | |
| Resource For college | BAEPS, Business Administration |
| Arrived date list | August2015 |
| -- | November2015 |
| 942 ## - ADDED ENTRY ELEMENTS (KOHA) | |
| Source of classification or shelving scheme | Dewey Decimal Classification |
| Withdrawn status | Lost status | Source of classification or shelving scheme | Damaged status | Not for loan | Koha collection | Home library | Current library | Shelving location | Date acquired | Source of acquisition | Cost, normal purchase price | Serial Enumeration / chronology | Total Checkouts | Total Renewals | Full call number | Barcode | Date last seen | Date last borrowed | Cost, replacement price | Koha item type |
|---|---|---|---|---|---|---|---|---|---|---|---|---|---|---|---|---|---|---|---|---|
| Dewey Decimal Classification | Baccah | Central Library | Central Library | First floor | 19/08/2015 | Purchase | 180.00 | 21758 | 1 | 3 | 330.1220973 ALL | 000039778 | 15/07/2025 | 09/11/2015 | 225.00 | Book - Borrowing |